Countries with an N in Their Name - Statistics

General Stats
  • This quiz has been taken 94 times
    86 since last reset
  • The average score is 96 of 115
Answer Stats
Answer % Correct
United States of America
98%
Argentina
95%
France
95%
North Macedonia
95%
Finland
93%
Iceland
93%
Netherlands
93%
United Kingdom
93%
Albania
92%
Canada
92%
Japan
92%
New Zealand
92%
Poland
92%
Ireland
90%
Kenya
90%
Nicaragua
90%
Spain
90%
Turkmenistan
90%
United Arab Emirates
90%
Venezuela
90%
Afghanistan
88%
Antigua and Barbuda
88%
Bosnia and Herzegovina
88%
Dominica
88%
Dominican Republic
88%
Germany
88%
Guinea
88%
Nauru
88%
Solomon Islands
88%
Suriname
88%
Switzerland
88%
Vatican City
88%
Yemen
88%
Andorra
87%
Democratic Republic of the Congo
87%
Guinea-Bissau
87%
Kazakhstan
87%
Norway
87%
Oman
87%
Pakistan
87%
Panama
87%
Romania
87%
Saint Kitts and Nevis
87%
San Marino
87%
Sudan
87%
Sweden
87%
Angola
85%
Azerbaijan
85%
Hungary
85%
India
85%
Kyrgyzstan
85%
Lithuania
85%
Monaco
85%
Namibia
85%
Papua New Guinea
85%
Saint Vincent and the Grenadines
85%
Slovenia
85%
South Sudan
85%
Tajikistan
85%
Uzbekistan
85%
Armenia
83%
Benin
83%
Central African Republic
83%
Denmark
83%
Estonia
83%
Guyana
83%
Indonesia
83%
Jordan
83%
Liechtenstein
83%
Niger
83%
North Korea
83%
Tunisia
83%
Ukraine
83%
China
82%
Congo
82%
Gabon
82%
Marshall Islands
82%
Micronesia
82%
Montenegro
82%
Nepal
82%
Nigeria
82%
Singapore
82%
Trinidad and Tobago
82%
Burundi
80%
Cameroon
80%
Equatorial Guinea
80%
Ghana
80%
Honduras
80%
Iran
80%
Rwanda
80%
Senegal
80%
Tanzania
80%
Saint Lucia
78%
Bahrain
77%
Burkina Faso
77%
Lebanon
77%
Thailand
77%
Mauritania
75%
Mongolia
75%
Myanmar
75%
Tonga
75%
Vietnam
75%
Bhutan
73%
Taiwan
73%
Uganda
73%
Bangladesh
72%
Brunei
72%
Grenada
72%
Philippines
72%
Sao Tome and Principe
68%
Sri Lanka
68%
Vanuatu
68%
Botswana
67%
Eswatini
67%
Sierra Leone
67%
No matching quizzes found
Score Distribution
Percent of People with Each Score
Percentile by Number Answered
Your Score History
You have not taken this quiz since the last reset